That’s the spirit! Quiz Stats

 Plays Quiz not verified by Sporcle

Challenge
Share
Tweet
Embed
Score 0/34 Timer 04:00
0 Plays Today
drink name spirit % Correct
ScrewdriverVodka
87.9%
MojitoRum
84.8%
CosmopolitanVodka
84.8%
Piña ColadaRum
84.8%
Bloody MaryVodka
84.8%
MartiniGin
83.3%
White RussianVodka
78.8%
Cuba LibreRum
71.2%
MargaritaTequila
69.7%
EggnogBourbon
68.2%
Sex on the BeachVodka
68.2%
Tom CollinsGin
63.6%
DaiquiriRum
62.1%
Jack & CokeJack Daniel’s
62.1%
Sea BreezeVodka
59.1%
Old FashionedWhiskey
57.6%
KamikazeVodka
57.6%
drink name spirit % Correct
Harvey WallbangerVodka
56.1%
JägerbombJägermeister
56.1%
ManhattanWhiskey
54.5%
ZombieRum
48.5%
GimletGin
47%
HurricaneRum
43.9%
HighballWhiskey
40.9%
Mint JulepWhiskey
39.4%
GibsonGin
37.9%
Navy GrogRum
36.4%
Pink LadyGin
33.3%
Salty DogGin
31.8%
MadrasVodka
27.3%
Singapore SlingGin
27.3%
Fuzzy NavelPeach schnapps
16.7%
7 & 7Seagram’s 7
15.2%
StingerBrandy
3%

You're not logged in!

Compare scores with friends on all Sporcle quizzes.
OR
Log In

You Might Also Like...

Show Comments

Extras

Created Aug 27, 2010SourceReportNominate
Tags:drink, found, spirit

Top Quizzes Today


Score Distribution

Your Account Isn't Verified!

In order to create a playlist on Sporcle, you need to verify the email address you used during registration. Go to your Sporcle Settings to finish the process.

Report this User

Report this user for behavior that violates our Community Guidelines.

Details: